LIBRARY & INFORMATION CENTRE, KCAET, TAVANUR

ONLINE PUBLIC ACCESS CATALOGUE (OPAC)

Do:Working Group No:4 W.G No.4b : | Energy Conservation of Building Efficiency of Heating System (Record no. 19069)

MARC details
000 -LEADER
fixed length control field 00416nam a22001217a 4500
003 - CONTROL NUMBER IDENTIFIER
control field OSt
008 - FIXED-LENGTH DATA ELEMENTS--GENERAL INFORMATION
fixed length control field 250120b |||||||| |||| 00| 0 eng d
041 ## - LANGUAGE CODE
Language code of text/sound track or separate title eng
100 ## - MAIN ENTRY--AUTHOR NAME
Personal name World Energy Conference
245 ## - TITLE STATEMENT
Title Do:Working Group No:4 W.G No.4b :
Remainder of title Energy Conservation of Building Efficiency of Heating System
260 ## - PUBLICATION, DISTRIBUTION, ETC. (IMPRINT)
Place of publication New Delhi:
Name of publisher Organising Committee 12th Congress World Energy Conference,
Year of publication 1983.
942 ## - ADDED ENTRY ELEMENTS (KOHA)
Koha item type Books
Holdings
Withdrawn status Lost status Damaged status Home library Current library Date acquired Cost, normal purchase price Accession Number Koha item type
      KAUAET KAUAET 20/01/2025 80.00 15795 Books
free website counter